Culture of cities (Record no. 374446)

000 -LEADER
fixed length control field 00401cam a22001577a 4500
008 - FIXED-LENGTH DATA ELEMENTS--GENERAL INFORMATION
fixed length control field 180718b1958 xxu||||| |||| 00| 0 eng d
082 ## - DEWEY DECIMAL CLASSIFICATION NUMBER
Classification number B131 M919/58
100 ## - MAIN ENTRY--PERSONAL NAME
Personal name Mumford, Lewis
245 ## - TITLE STATEMENT
Title Culture of cities
Statement of responsibility, etc. by Lewis Mumford
250 ## - EDITION STATEMENT
Edition statement 3rd ed.
260 ## - PUBLICATION, DISTRIBUTION, ETC.
Place of publication, distribution, etc. London
Name of publisher, distributor, etc. Secker & Warburg
Date of publication, distribution, etc. 1958
300 ## - PHYSICAL DESCRIPTION
Extent 586p.
500 ## - GENERAL NOTE
General note 50/-
650 ## - SUBJECT ADDED ENTRY--TOPICAL TERM
Topical term or geographic name entry element Cities and Towns
650 ## - SUBJECT ADDED ENTRY--TOPICAL TERM
Topical term or geographic name entry element Sociologu, Urban
Holdings
Withdrawn status Lost status Damaged status Not for loan Permanent Location Current Location Date acquired Full call number Barcode Date last seen Price effective from Koha item type
        Indian Institute of Public Administration Indian Institute of Public Administration 1994-06-27 B131 M919/58 16327 2018-07-21 2018-07-21 Book
        Indian Institute of Public Administration Indian Institute of Public Administration 2009-03-31 B131M919 679 2018-07-21 2018-07-21 Book

Powered by Koha